[Event "UKR-ch U20"]
[Site "Lugansk"]
[Date "2009.04.07"]
[Round "6"]
[White "Sivuk, Vitaly"]
[Black "Golubka, Petro"]
[Result "1-0"]
[WhiteElo "2350"]
[BlackElo "2336"]
[WhiteFideId "-1"]
[BlackFideId "-1"]
[PlyCount "79"]
[GameId "1166651659677696"]
[EventDate "2009.04.02"]
[EventType "tourn"]
[EventRounds "11"]
[EventCountry "UKR"]
[SourceTitle "CBM 129 Extra"]
[Source "ChessBase"]
[SourceDate "2009.05.05"]
[SourceVersion "2"]
[SourceVersionDate "2009.05.20"]
[SourceQuality "1"]

1. e4 e5 2. f4 exf4 3. Bc4 Ne7 4. Nf3 d5 5. exd5 Ng6 6. O-O Be7 7. d4 O-O 8. Ne5 c6 9. Nc3 b5 10. Bb3 b4 11. Ne2 f3 12. Rxf3 cxd5 13. Nxg6 hxg6 14. Nf4 Bb7 15. Rh3 Na6 16. c3 Rc8 17. Qd3 Qd6 18. Qb5 Ba8 19. Nxd5 Nc7 20. Nxc7 Rxc7 21. Bd2 Bc6 22. Qf1 Qd7 23. Re1 a5 24. Bf4 a4 25. Bc2 Rb7 26. Be5 bxc3 27. Qf4 f5 28. Rh8+ Kf7 29. Rh7 Rg8 30. bxc3 Qd5 31. Re2 Qc4 32. Rf2 Bd5 33. h4 Qxc3 34. h5 gxh5 35. Qxf5+ Ke8 36. Bxa4+ Kd8 37. Kh2 Rf8 38. Qxf8+ Bxf8 39. Rxf8+ Ke7 40. Re8+ 1-0

[Event "UKR-ch U20"]
[Site "Lugansk"]
[Date "2009.04.09"]
[Round "8"]
[White "Burdalev, Kirill"]
[Black "Golubka, Petro"]
[Result "1/2-1/2"]
[WhiteElo "2217"]
[BlackElo "2336"]
[WhiteFideId "-1"]
[BlackFideId "-1"]
[PlyCount "25"]
[GameId "1166651659710464"]
[EventDate "2009.04.02"]
[EventType "tourn"]
[EventRounds "11"]
[EventCountry "UKR"]
[SourceTitle "CBM 129 Extra"]
[Source "ChessBase"]
[SourceDate "2009.05.05"]
[SourceVersion "2"]
[SourceVersionDate "2009.05.20"]
[SourceQuality "1"]

1. d4 d5 2. c4 c6 3. cxd5 cxd5 4. Nc3 Nf6 5. Nf3 Nc6 6. Bf4 Bf5 7. e3 e6 8. Qb3 Bb4 9. Bb5 O-O 10. O-O Bxc3 11. Bxc6 Bxb2 12. Bxb7 Bxa1 13. Rxa1 1/2-1/2

[Event "UKR-ch U20"]
[Site "Lugansk"]
[Date "2009.04.10"]
[Round "9"]
[White "Golubka, Petro"]
[Black "Bernadskiy, Vitaliy"]
[Result "0-1"]
[WhiteElo "2336"]
[BlackElo "2327"]
[WhiteFideId "-1"]
[BlackFideId "-1"]
[PlyCount "72"]
[GameId "1166651659735040"]
[EventDate "2009.04.02"]
[EventType "tourn"]
[EventRounds "11"]
[EventCountry "UKR"]
[SourceTitle "CBM 129 Extra"]
[Source "ChessBase"]
[SourceDate "2009.05.05"]
[SourceVersion "2"]
[SourceVersionDate "2009.05.20"]
[SourceQuality "1"]

1. c4 Nc6 2. Nc3 e5 3. g3 d6 4. Bg2 Be6 5. d3 Qd7 6. Rb1 Nge7 7. b4 d5 8. b5 Nd8 9. Nxd5 Nxd5 10. cxd5 Bxd5 11. Nf3 f6 12. Qc2 a6 13. b6 cxb6 14. Rxb6 Rc8 15. Qd2 Bxa2 16. O-O Bc5 17. Rxa6 bxa6 18. Qxa2 Qe6 19. Qa4+ Nc6 20. e3 O-O 21. Qxa6 Kh8 22. Bd2 Qd6 23. Ra1 Rc7 24. Qb5 Rb8 25. Qc4 Bb4 26. Ra6 Qd7 27. Ng5 Nd8 28. Qe4 fxg5 29. Bxb4 Rc1+ 30. Bf1 Qh3 31. Qg2 Qc8 32. Qf3 Ne6 33. Ra4 Qe8 34. Ra6 Rxb4 35. Rxe6 Rxf1+ 36. Kxf1 Rb1+ 0-1

[Event "UKR-ch U20"]
[Site "Lugansk"]
[Date "2009.04.12"]
[Round "11"]
[White "Golubka, Petro"]
[Black "Grinev, Valeriy"]
[Result "1/2-1/2"]
[WhiteElo "2336"]
[BlackElo "2316"]
[WhiteFideId "-1"]
[BlackFideId "-1"]
[PlyCount "27"]
[GameId "1166651659788288"]
[EventDate "2009.04.02"]
[EventType "tourn"]
[EventRounds "11"]
[EventCountry "UKR"]
[SourceTitle "CBM 129 Extra"]
[Source "ChessBase"]
[SourceDate "2009.05.05"]
[SourceVersion "2"]
[SourceVersionDate "2009.05.20"]
[SourceQuality "1"]

1. e4 c5 2. c3 Nf6 3. e5 Nd5 4. d4 cxd4 5. Nf3 Nc6 6. Bc4 Nb6 7. Bb3 d5 8. exd6 Qxd6 9. O-O Be6 10. Bxe6 Qxe6 11. Nxd4 Nxd4 12. Qxd4 Rd8 13. Qh4 Qe2 14. Bd2 1/2-1/2

[Event "UKR-ch U20"]
[Site "Lugansk UKR"]
[Date "2009.04.08"]
[Round "7"]
[White "Golubka, Petro"]
[Black "Kutsykh, Mikhail"]
[Result "1-0"]
[WhiteElo "2336"]
[BlackElo "2299"]
[WhiteFideId "-1"]
[BlackFideId "-1"]
[PlyCount "59"]
[GameId "2129405088558319"]
[EventDate "2009.04.02"]
[EventType "tourn"]
[EventRounds "11"]
[EventCountry "UKR"]

1. e4 c5 2. Nf3 d6 3. d4 cxd4 4. Nxd4 Nf6 5. Nc3 a6 6. h3 e5 7. Nb3 Be6 8. g4 b5 9. g5 b4 10. gxf6 bxc3 11. fxg7 Bxg7 12. Rg1 cxb2 13. Bxb2 Bf8 14. Qh5 Nc6 15. a3 Qb6 16. Rg3 Be7 17. Be2 a5 18. Bc3 a4 19. Nd2 Nd4 20. Bd3 Rc8 21. Rb1 Qc5 22. Bxd4 Qxd4 23. Rb4 Qa1+ 24. Ke2 Kd8 25. Rxa4 Qb2 26. Rg7 Re8 27. Qxh7 Kc7 28. Rxf7 Bxf7 29. Qxf7 Qb7 30. Ba6 1-0

[Event "Kiev-ch"]
[Site "Kiev"]
[Date "2009.01.17"]
[Round "1"]
[White "Kraschenko, Alexandr"]
[Black "Golubka, Petro"]
[Result "0-1"]
[WhiteElo "2027"]
[BlackElo "2326"]
[WhiteFideId "-1"]
[BlackFideId "-1"]
[PlyCount "60"]
[GameId "1166651462451200"]
[EventDate "2009.01.17"]
[EventType "swiss"]
[EventRounds "11"]
[EventCountry "UKR"]
[SourceTitle "CBM 128 Extra"]
[Source "ChessBase"]
[SourceDate "2009.03.05"]
[SourceVersion "2"]
[SourceVersionDate "2009.03.25"]
[SourceQuality "1"]

1. Nf3 Nf6 2. d4 g6 3. g3 Bg7 4. Bg2 O-O 5. O-O d6 6. c4 Nbd7 7. Nc3 e5 8. e4 c6 9. dxe5 dxe5 10. h3 Qe7 11. Be3 Nc5 12. Qc2 a5 13. Bxc5 Qxc5 14. Na4 Qe7 15. Nb6 Rb8 16. Nxc8 Rfxc8 17. Ne1 h5 18. Nd3 h4 19. g4 Rd8 20. Rfd1 Rd4 21. f3 Bh6 22. Qc3 Rbd8 23. Kf2 Nh7 24. b3 Ng5 25. Ke2 Ne6 26. Bf1 Qg5 27. Nf2 Rd2+ 28. Ke1 Nd4 29. Rxd2 Nxf3+ 30. Ke2 Rxd2+ 0-1

[Event "Kiev-ch"]
[Site "Kiev"]
[Date "2009.01.18"]
[Round "2"]
[White "Golubka, Petro"]
[Black "Otchiyev, Arslan"]
[Result "1/2-1/2"]
[WhiteElo "2326"]
[BlackElo "2225"]
[WhiteFideId "-1"]
[BlackFideId "-1"]
[PlyCount "64"]
[GameId "1166651462524928"]
[EventDate "2009.01.17"]
[EventType "swiss"]
[EventRounds "11"]
[EventCountry "UKR"]
[SourceTitle "CBM 128 Extra"]
[Source "ChessBase"]
[SourceDate "2009.03.05"]
[SourceVersion "2"]
[SourceVersionDate "2009.03.25"]
[SourceQuality "1"]

1. e4 c5 2. Nf3 d6 3. d4 cxd4 4. Nxd4 Nf6 5. Nc3 Nc6 6. Bg5 e6 7. Qd2 Be7 8. Bb5 Bd7 9. Nb3 a6 10. Be2 Qc7 11. a4 h6 12. Be3 Ne5 13. O-O O-O 14. a5 Nc4 15. Bxc4 Qxc4 16. f3 Rac8 17. Kh1 d5 18. e5 Nh7 19. Bd4 f5 20. exf6 Bxf6 21. Bxf6 Rxf6 22. Rfe1 Nf8 23. Rad1 Kh8 24. Qe3 Qc7 25. Rd4 Ng6 26. Rb4 Bc6 27. Qd2 e5 28. Nxd5 Bxd5 29. Qxd5 Qxc2 30. Rg4 Nf4 31. Qxb7 Rc7 32. Qa8+ Rc8 1/2-1/2

[Event "Kiev-ch"]
[Site "Kiev"]
[Date "2009.01.23"]
[Round "5"]
[White "Malienko, Alexander"]
[Black "Golubka, Petro"]
[Result "0-1"]
[WhiteElo "2189"]
[BlackElo "2326"]
[WhiteFideId "-1"]
[BlackFideId "-1"]
[PlyCount "90"]
[GameId "1166651462807552"]
[EventDate "2009.01.17"]
[EventType "swiss"]
[EventRounds "11"]
[EventCountry "UKR"]
[SourceTitle "CBM 128 Extra"]
[Source "ChessBase"]
[SourceDate "2009.03.05"]
[SourceVersion "2"]
[SourceVersionDate "2009.03.25"]
[SourceQuality "1"]

1. e4 e5 2. Nf3 Nc6 3. d4 exd4 4. Nxd4 Nf6 5. Nxc6 bxc6 6. e5 Qe7 7. Qe2 Nd5 8. c4 Ba6 9. g3 O-O-O 10. b3 g5 11. Bg2 Bg7 12. Bb2 Nb4 13. O-O Rhe8 14. Qd2 Bb7 15. a3 Na6 16. b4 Bxe5 17. Bxe5 Qxe5 18. Nc3 c5 19. Rfe1 Qd4 20. Qxd4 cxd4 21. Bxb7+ Kxb7 22. Ne4 h6 23. b5 Nb8 24. Nc5+ Kb6 25. Nb3 c5 26. Reb1 d6 27. a4 Nd7 28. a5+ Kb7 29. a6+ Kb6 30. Kf1 Ne5 31. Nd2 g4 32. Ra3 f6 33. Re1 d5 34. cxd5 Rxd5 35. f4 gxf3 36. h3 c4 37. Nxf3 c3 38. Ra4 d3 39. Rf4 Nxf3 40. Rxf6+ Kxb5 41. Rxe8 d2 42. Rb8+ Ka5 43. Rb1 d1=Q+ 44. Rxd1 Rxd1+ 45. Ke2 c2 0-1

[Event "Kiev-ch"]
[Site "Kiev"]
[Date "2009.01.26"]
[Round "8"]
[White "Pavlov, Sergey1"]
[Black "Golubka, Petro"]
[Result "1/2-1/2"]
[WhiteElo "2443"]
[BlackElo "2326"]
[WhiteFideId "-1"]
[BlackFideId "-1"]
[PlyCount "89"]
[GameId "1166651463065600"]
[EventDate "2009.01.17"]
[EventType "swiss"]
[EventRounds "11"]
[EventCountry "UKR"]
[SourceTitle "CBM 128 Extra"]
[Source "ChessBase"]
[SourceDate "2009.03.05"]
[SourceVersion "2"]
[SourceVersionDate "2009.03.25"]
[SourceQuality "1"]

1. Nf3 Nf6 2. c4 g6 3. Nc3 c5 4. d4 cxd4 5. Nxd4 Bg7 6. e4 O-O 7. Be2 Nc6 8. Be3 d6 9. O-O Bd7 10. Qd2 a6 11. f3 Re8 12. Rfd1 Nxd4 13. Bxd4 Rc8 14. Kh1 Be6 15. b3 Qa5 16. Rab1 Nd7 17. Bxg7 Kxg7 18. f4 Nf6 19. Bf3 b5 20. b4 Qc7 21. Nd5 Bxd5 22. cxd5 Qb8 23. Qb2 Rc4 24. e5 dxe5 25. fxe5 Nd7 26. e6+ Nf6 27. exf7 Kxf7 28. d6 Kg7 29. Bd5 Rh4 30. g3 Rh5 31. Bc6 Rd8 32. dxe7 Rxd1+ 33. Rxd1 Qe5 34. e8=N+ Nxe8 35. Rd7+ Kf8 36. Qxe5 Rxe5 37. Ra7 Re6 38. Bd5 Re7 39. Rxa6 Nc7 40. Rf6+ Kg7 41. Rd6 Nxd5 42. Rxd5 Re1+ 43. Kg2 Re2+ 44. Kf3 Rxh2 45. Rxb5 1/2-1/2

[Event "Kiev-ch"]
[Site "Kiev"]
[Date "2009.01.27"]
[Round "9"]
[White "Golubka, Petro"]
[Black "Melnichuk, Mikhail"]
[Result "1/2-1/2"]
[WhiteElo "2326"]
[BlackElo "2279"]
[WhiteFideId "-1"]
[BlackFideId "-1"]
[PlyCount "71"]
[GameId "1166651463102464"]
[EventDate "2009.01.17"]
[EventType "swiss"]
[EventRounds "11"]
[EventCountry "UKR"]
[SourceTitle "CBM 128 Extra"]
[Source "ChessBase"]
[SourceDate "2009.03.05"]
[SourceVersion "2"]
[SourceVersionDate "2009.03.25"]
[SourceQuality "1"]

1. d4 Nf6 2. c4 e6 3. Nf3 Bb4+ 4. Bd2 Qe7 5. g3 Nc6 6. Bg2 Bxd2+ 7. Nbxd2 d6 8. O-O e5 9. d5 Nb8 10. e4 O-O 11. Ne1 a5 12. b3 Na6 13. a3 c6 14. Nd3 cxd5 15. cxd5 Bg4 16. f3 Bd7 17. Nc4 Bb5 18. Rc1 Rfc8 19. Bh3 Rc7 20. Ndxe5 Nc5 21. a4 Ba6 22. Re1 Qd8 23. Nd3 b5 24. axb5 Bxb5 25. Nxc5 Rxc5 26. Ne3 Rxc1 27. Qxc1 Qb6 28. Qc3 h6 29. Ra1 Ra7 30. Kh1 Rc7 31. Qd2 Bd7 32. Bg2 Qb5 33. Qxa5 Rc3 34. Nf1 Rc2 35. Qa3 Qb6 36. Rc1 1/2-1/2

[Event "Kiev-ch"]
[Site "Kiev"]
[Date "2009.01.29"]
[Round "10"]
[White "Golubka, Petro"]
[Black "Kernazhitsky, Leonid"]
[Result "1-0"]
[WhiteElo "2326"]
[BlackElo "2339"]
[WhiteFideId "-1"]
[BlackFideId "-1"]
[PlyCount "85"]
[GameId "1166651463168000"]
[EventDate "2009.01.17"]
[EventType "swiss"]
[EventRounds "11"]
[EventCountry "UKR"]
[SourceTitle "CBM 128 Extra"]
[Source "ChessBase"]
[SourceDate "2009.03.05"]
[SourceVersion "2"]
[SourceVersionDate "2009.03.25"]
[SourceQuality "1"]

1. e4 c5 2. Nf3 Nc6 3. d4 cxd4 4. Nxd4 Nf6 5. Nc3 e5 6. Ndb5 d6 7. Nd5 Nxd5 8. exd5 Nb8 9. c3 Be7 10. Be2 O-O 11. O-O Nd7 12. c4 a6 13. Nc3 f5 14. Kh1 Bf6 15. Qc2 g6 16. f3 b6 17. Be3 Bb7 18. Rg1 Rc8 19. g4 f4 20. Bf2 Bh4 21. Bxh4 Qxh4 22. g5 b5 23. cxb5 axb5 24. Bxb5 Bxd5 25. Qd3 Be6 26. Qxd6 Nc5 27. Qxe5 Qh3 28. Qe2 Nd7 29. Rae1 Rfe8 30. Qg2 Qf5 31. a4 Red8 32. Qe2 Nf8 33. Qe4 Rd2 34. Qxf5 Bxf5 35. Rg2 Rd4 36. Rge2 Rd6 37. Ne4 Bxe4 38. Rxe4 Rd2 39. Bc4+ Kh8 40. b3 Rcd8 41. R1e2 h6 42. Rxd2 Rxd2 43. Re8 1-0

[Event "Kyiv-ch"]
[Site "Kyiv UKR"]
[Date "2009.01.20"]
[Round "4"]
[White "Golubka, Petro"]
[Black "Kruglyakov, Pavlo"]
[Result "1/2-1/2"]
[WhiteElo "2326"]
[BlackElo "2252"]
[WhiteFideId "-1"]
[BlackFideId "-1"]
[PlyCount "72"]
[GameId "2129405089642542"]
[EventDate "2009.01.17"]
[EventType "swiss"]
[EventRounds "11"]
[EventCountry "UKR"]

1. Nf3 Nf6 2. c4 g6 3. g3 Bg7 4. Bg2 O-O 5. O-O d6 6. Nc3 c6 7. d3 e5 8. a3 Re8 9. e4 Nh5 10. d4 exd4 11. Nxd4 Nd7 12. Nde2 Ne5 13. b3 f5 14. Ra2 Nf6 15. exf5 Bxf5 16. Rd2 Qc7 17. h3 Rad8 18. g4 Bc8 19. Ng3 Nf7 20. Bb2 Qe7 21. Re2 Qc7 22. Rfe1 Rxe2 23. Rxe2 Ng5 24. f4 Ne6 25. f5 Nf4 26. g5 Nxe2+ 27. Ngxe2 Bxf5 28. gxf6 Bh8 29. Qd4 Qb6 30. Qxb6 $11 axb6 31. Ne4 Bxe4 32. Bxe4 Re8 33. Bf3 Kf7 34. Bd4 Bxf6 35. Bxb6 Bb2 36. a4 Ba3 1/2-1/2

[Event "Kyiv-ch"]
[Site "Kyiv UKR"]
[Date "2009.01.24"]
[Round "6"]
[White "Golubka, Petro"]
[Black "Zhizmer, Yuri"]
[Result "1/2-1/2"]
[WhiteElo "2326"]
[BlackElo "2319"]
[WhiteFideId "-1"]
[BlackFideId "-1"]
[PlyCount "61"]
[GameId "2129405089642583"]
[EventDate "2009.01.17"]
[EventType "swiss"]
[EventRounds "11"]
[EventCountry "UKR"]

1. e4 d5 2. exd5 Qxd5 3. Nc3 Qd8 4. d4 Bf5 5. Qf3 Qc8 6. Bd3 Bxd3 7. Qxd3 c6 8. Nf3 Nf6 9. O-O e6 10. Ne5 Be7 11. Qg3 O-O 12. Bh6 Ne8 13. Rad1 Kh8 14. Bc1 Nd6 15. Rd3 Nd7 16. Qf4 Nf5 17. Rfd1 Kg8 18. Ne4 Nf6 19. Ng3 Nxg3 20. Qxg3 Ne4 21. Qf4 f5 22. Qe3 Bd6 $11 23. Nc4 Bc7 24. f3 Nf6 25. Qe2 Qd7 26. Ne5 Qe7 27. c4 Nd7 28. Bf4 Nxe5 29. Bxe5 Bxe5 30. Qxe5 Rad8 31. b3 $11 1/2-1/2

[Event "Kyiv-ch"]
[Site "Kyiv UKR"]
[Date "2009.01.30"]
[Round "11"]
[White "Marusenko, Petr"]
[Black "Golubka, Petro"]
[Result "1/2-1/2"]
[WhiteElo "2320"]
[BlackElo "2326"]
[WhiteFideId "-1"]
[BlackFideId "-1"]
[PlyCount "24"]
[GameId "2129405089650875"]
[EventDate "2009.01.17"]
[EventType "swiss"]
[EventRounds "11"]
[EventCountry "UKR"]

1. d4 d5 2. c4 e6 3. Nc3 Be7 4. Nf3 Nf6 5. cxd5 exd5 6. Bg5 c6 7. e3 Bf5 8. Bd3 Bxd3 9. Qxd3 Nbd7 10. O-O O-O 11. Rab1 a5 12. a3 a4 $11 1/2-1/2

[Event "Mukachevo op"]
[Site "Mukachevo"]
[Date "2009.01.04"]
[Round "6"]
[White "Golubev, Mikhail"]
[Black "Golubka, Petro"]
[Result "1-0"]
[WhiteElo "2487"]
[BlackElo "2326"]
[WhiteFideId "-1"]
[BlackFideId "-1"]
[PlyCount "129"]
[GameId "1166651416649728"]
[EventDate "2009.01.03"]
[EventType "swiss (rapid)"]
[EventRounds "9"]
[EventCountry "UKR"]
[SourceTitle "CBM 128 Extra"]
[Source "ChessBase"]
[SourceDate "2009.03.05"]
[SourceVersion "2"]
[SourceVersionDate "2009.03.25"]
[SourceQuality "1"]

1. e4 e5 2. Nf3 Nc6 3. Bb5 a6 4. Ba4 Nf6 5. O-O Nxe4 6. d4 b5 7. Bb3 d5 8. dxe5 Be6 9. c3 Bc5 10. Nbd2 O-O 11. Bc2 f5 12. exf6 Nxf6 13. Nb3 Bb6 14. Nfd4 Qd7 15. Be3 Ne5 16. Nxe6 Qxe6 17. Bd4 Qd6 18. Bxb6 Qxb6 19. Qd4 Qd6 20. Qc5 Nc4 21. Qxd6 Nxd6 22. Nc5 Rfe8 23. Rfe1 a5 24. a4 bxa4 25. Bxa4 Rxe1+ 26. Rxe1 Rb8 27. Re2 Nfe4 28. Nd3 Kf8 29. f3 Nf6 30. Kf2 Nc4 31. Ke1 Ra8 32. Kd1 Nb6 33. Bc6 Rd8 34. Nc5 Kf7 35. Nb7 Ra8 36. b3 a4 37. Nc5 Ra5 38. Nxa4 Nc8 39. b4 Ra7 40. Nb2 Ne7 41. Ba4 Nf5 42. Kc2 Kg6 43. Re1 h5 44. Bb3 d4 45. cxd4 Nxd4+ 46. Kc3 Nxb3 47. Kxb3 h4 48. Nd3 Ra6 49. Re5 Rd6 50. Kc4 Nd7 51. Nf4+ Kf6 52. Rh5 Nb6+ 53. Kc3 Rc6+ 54. Kd3 Rd6+ 55. Ke4 Kf7 56. Rc5 c6 57. Nd3 Nd7 58. Rc4 Nf6+ 59. Ke3 Re6+ 60. Kf4 Nd5+ 61. Kg5 Ne3 62. Rxc6 Rxc6 63. Ne5+ Ke6 64. Nxc6 Nxg2 65. Kg4 1-0

[Event "Mukachevo op"]
[Site "Mukachevo"]
[Date "2009.01.05"]
[Round "8"]
[White "Pavlov, Sergey1"]
[Black "Golubka, Petro"]
[Result "1/2-1/2"]
[WhiteElo "2443"]
[BlackElo "2326"]
[WhiteFideId "-1"]
[BlackFideId "-1"]
[PlyCount "83"]
[GameId "1166651416674304"]
[EventDate "2009.01.03"]
[EventType "swiss (rapid)"]
[EventRounds "9"]
[EventCountry "UKR"]
[SourceTitle "CBM 128 Extra"]
[Source "ChessBase"]
[SourceDate "2009.03.05"]
[SourceVersion "2"]
[SourceVersionDate "2009.03.25"]
[SourceQuality "1"]

1. e4 c5 2. Nf3 d6 3. d4 cxd4 4. Nxd4 Nf6 5. Nc3 a6 6. Bg5 e6 7. Qf3 Nbd7 8. O-O-O h6 9. Bh4 Qc7 10. Be2 Be7 11. Rhe1 Ne5 12. Qe3 g5 13. Bg3 b5 14. a3 Rb8 15. h4 b4 16. axb4 Rxb4 17. hxg5 hxg5 18. Nb3 Nfd7 19. Rh1 Rg8 20. Rd4 Rxd4 21. Qxd4 Bf6 22. Rd1 Be7 23. Qa4 Kf8 24. Bxa6 Kg7 25. Be2 Bb7 26. Qd4 Bc6 27. f3 Rd8 28. Nb5 Bxb5 29. Bxb5 Rc8 30. Rd2 Nf6 31. Kb1 Rb8 32. c4 Kg8 33. Bf2 Ng6 34. Bg3 Nf4 35. Bh2 d5 36. g3 e5 37. Qc3 dxc4 38. Bxc4 Bb4 39. Bxf7+ Qxf7 40. Qxe5 Re8 41. Qxg5+ Ng6 42. Rd3 1/2-1/2

[Event "UKR-ch sf U20"]
[Site "Lvov"]
[Date "2008.12.06"]
[Round "5"]
[White "Danilenko, Dmitriy"]
[Black "Golubka, Petro"]
[Result "1/2-1/2"]
[WhiteElo "2276"]
[BlackElo "2306"]
[WhiteFideId "-1"]
[BlackFideId "-1"]
[PlyCount "32"]
[GameId "1166651329048576"]
[EventDate "2008.12.02"]
[EventType "swiss"]
[EventRounds "9"]
[EventCountry "UKR"]
[SourceTitle "EXT 2010"]
[Source "ChessBase"]
[SourceDate "2009.11.30"]
[SourceVersion "1"]
[SourceVersionDate "2009.11.30"]
[SourceQuality "1"]

1. e4 e5 2. Nf3 Nc6 3. Nc3 Nf6 4. d4 Bb4 5. Nxe5 Qe7 6. Nxc6 Qxe4+ 7. Be2 Bxc3+ 8. bxc3 Qxc6 9. O-O O-O 10. Rb1 Ne4 11. d5 Qf6 12. c4 d6 13. Bb2 Nc3 14. Qd3 Nxe2+ 15. Qxe2 Qg6 16. Bd4 Bg4 1/2-1/2

[Event "UKR-ch sf U20"]
[Site "Lvov UKR"]
[Date "2008.12.03"]
[Round "2"]
[White "Golubka, Petro"]
[Black "Podolsky, Anton"]
[Result "1-0"]
[WhiteElo "2306"]
[BlackElo "2007"]
[WhiteFideId "-1"]
[BlackFideId "-1"]
[PlyCount "58"]
[GameId "2129405090655599"]
[EventDate "2008.12.02"]
[EventType "swiss"]
[EventRounds "9"]
[EventCountry "UKR"]
[SourceTitle "EXT 2010"]
[Source "ChessBase"]
[SourceDate "2009.11.30"]
[SourceVersion "1"]
[SourceVersionDate "2009.11.30"]
[SourceQuality "1"]

1. e4 e5 2. Nf3 Nf6 3. Nxe5 d6 4. Nf3 Nxe4 5. d4 d5 6. Bd3 Nc6 7. O-O Be7 8. Re1 Bg4 9. c3 f5 10. Nbd2 O-O 11. Qb3 Na5 12. Qa4 Nc6 13. Qb3 Na5 14. Qc2 Nc6 15. b4 a6 16. a4 Bd6 17. Rb1 Qf6 18. b5 axb5 19. axb5 Ne7 20. Ne5 Bh5 21. Nf1 Qh4 22. Re3 Bxe5 23. dxe5 f4 24. Rh3 Qg5 25. f3 Nc5 26. Bxh7+ Kf7 27. Bxf4 Qxf4 28. Rxh5 Rh8 29. Rb4 Ne4 1-0

[Event "UKR-ch sf U20"]
[Site "Lvov UKR"]
[Date "2008.12.04"]
[Round "3"]
[White "Romashko, Andrei"]
[Black "Golubka, Petro"]
[Result "0-1"]
[WhiteElo "2264"]
[BlackElo "2306"]
[WhiteFideId "-1"]
[BlackFideId "-1"]
[PlyCount "52"]
[GameId "2129405090663827"]
[EventDate "2008.12.02"]
[EventType "swiss"]
[EventRounds "9"]
[EventCountry "UKR"]
[SourceTitle "EXT 2010"]
[Source "ChessBase"]
[SourceDate "2009.11.30"]
[SourceVersion "1"]
[SourceVersionDate "2009.11.30"]
[SourceQuality "1"]

1. e4 c5 2. Nf3 d6 3. d4 cxd4 4. Qxd4 Nc6 5. Bb5 Bd7 6. Bxc6 Bxc6 7. Nc3 Nf6 8. Bg5 e6 9. O-O-O Be7 10. Rhe1 O-O 11. Kb1 h6 12. Bh4 Qa5 13. Qd2 Qa6 14. Nd4 Rfc8 15. f3 Be8 16. Rg1 Nxe4 17. Nxe4 Bxh4 18. g4 d5 19. g5 dxe4 20. gxh6 g6 21. Qf4 e5 22. Qxe4 Bf6 23. Nf5 Qc4 24. Ne7+ Bxe7 25. Qxe5 Bf8 26. Rd4 Qxc2+ 0-1

[Event "UKR-ch sf U20"]
[Site "Lvov UKR"]
[Date "2008.12.05"]
[Round "4"]
[White "Golubka, Petro"]
[Black "Bernadskiy, Vitaliy"]
[Result "1-0"]
[WhiteElo "2306"]
[BlackElo "2319"]
[WhiteFideId "-1"]
[BlackFideId "-1"]
[PlyCount "75"]
[GameId "2129405090663838"]
[EventDate "2008.12.02"]
[EventType "swiss"]
[EventRounds "9"]
[EventCountry "UKR"]
[SourceTitle "EXT 2010"]
[Source "ChessBase"]
[SourceDate "2009.11.30"]
[SourceVersion "1"]
[SourceVersionDate "2009.11.30"]
[SourceQuality "1"]

1. Nf3 g6 2. e4 Bg7 3. d4 d6 4. Nc3 a6 5. Be3 b5 6. Bd3 Bb7 7. O-O Nf6 8. e5 dxe5 9. dxe5 Nd5 10. Be4 e6 11. Bg5 Qd7 12. Qd2 h6 13. Be3 Nxe3 14. Qxe3 Bd5 15. Bxd5 exd5 16. Rfe1 c6 17. a4 b4 18. Na2 a5 19. Nc1 O-O 20. Nd3 Re8 21. c3 bxc3 22. bxc3 Na6 23. Rab1 Rab8 24. Rxb8 Rxb8 25. Nc5 Qa7 26. Nxa6 Qxa6 27. e6 fxe6 28. Qxe6+ Kh7 29. Ne5 Bxe5 30. Qxe5 Rb7 31. h4 h5 32. Qf6 Rg7 33. Re8 Qb7 34. Qf8 Kh6 35. Qh8+ Rh7 36. Qe5 Rg7 37. Rh8+ Rh7 38. Qf4+ 1-0

[Event "UKR-ch sf U20"]
[Site "Lvov UKR"]
[Date "2008.12.07"]
[Round "6"]
[White "Golubka, Petro"]
[Black "Kutsykh, Mikhail"]
[Result "1/2-1/2"]
[WhiteElo "2306"]
[BlackElo "2289"]
[WhiteFideId "-1"]
[BlackFideId "-1"]
[PlyCount "27"]
[GameId "2129405090663883"]
[EventDate "2008.12.02"]
[EventType "swiss"]
[EventRounds "9"]
[EventCountry "UKR"]
[SourceTitle "EXT 2010"]
[Source "ChessBase"]
[SourceDate "2009.11.30"]
[SourceVersion "1"]
[SourceVersionDate "2009.11.30"]
[SourceQuality "1"]

1. e4 c5 2. c3 Qa5 3. Na3 e6 4. d4 cxd4 5. Nc4 Qc7 6. cxd4 d5 7. exd5 exd5 8. Ne3 Nf6 9. Nf3 Bd6 10. Bd3 O-O 11. O-O Nc6 12. Bd2 Be6 13. Bc3 Ne4 14. g3 1/2-1/2

[Event "UKR-ch sf U20"]
[Site "Lvov UKR"]
[Date "2008.12.08"]
[Round "7"]
[White "Sivuk, Vitaly"]
[Black "Golubka, Petro"]
[Result "1/2-1/2"]
[WhiteElo "2321"]
[BlackElo "2306"]
[WhiteFideId "-1"]
[BlackFideId "-1"]
[PlyCount "80"]
[GameId "2129405090663923"]
[EventDate "2008.12.02"]
[EventType "swiss"]
[EventRounds "9"]
[EventCountry "UKR"]
[SourceTitle "EXT 2010"]
[Source "ChessBase"]
[SourceDate "2009.11.30"]
[SourceVersion "1"]
[SourceVersionDate "2009.11.30"]
[SourceQuality "1"]

1. e4 e5 2. Nf3 Nc6 3. Nc3 Nf6 4. d4 Bb4 5. Nxe5 Qe7 6. Qd3 Bxc3+ 7. Qxc3 Nxe4 8. Qe3 Nf6 9. Bc4 Nxe5 10. Qxe5 d6 11. Qxe7+ Kxe7 12. Bg5 h6 13. Bh4 Be6 14. d5 Bf5 15. O-O-O g5 16. Bg3 Nh5 17. Rde1+ Kf6 18. h4 Nf4 19. Rh2 Rhe8 20. f3 Kg7 21. Bf2 Rxe1+ 22. Bxe1 Re8 23. Bc3+ f6 24. g3 Ng6 25. hxg5 hxg5 26. g4 Bd7 27. Bd3 Rh8 28. Rxh8 Nxh8 29. Bd4 b6 30. c4 Nf7 31. b4 Ne5 32. Be2 c5 33. bxc5 bxc5 34. Bc3 Kf7 35. Kb2 Ke7 36. Bd2 Be8 37. Kb3 Kd8 38. Kc3 Bd7 39. Bc1 Bc8 40. Kb3 Bd7 1/2-1/2